[Event "45th World U20 ch"]
[Site "Yerevan ARM"]
[Date "2006.10.13"]
[Round "10.14"]
[White "Amin, Bassem"]
[Black "Howell, David"]
[Result "1/2-1/2"]
[WhiteElo "2504"]
[BlackElo "2471"]
[EventDate "2006.10.02"]
[PlyCount "86"]

1.Nf3 Nf6 2.g3 g6 3.Bg2 Bg7 4.O-O O-O 5.d3 d5 6.Nbd2 c5 7.e4 Nc6 8.c3 e5 
9.a3 d4 10.cxd4 cxd4 11.b4 Ne8 12.b5 Na5 13.a4 Nd6 14.Ba3 a6 15.Nb3 axb5 
16.axb5 b6 17.Bxd6 Qxd6 18.Nxa5 bxa5 19.Nd2 Qc5 20.Qb3 Bd7 21.Rfb1 Rfb8 
22.b6 Bf8 23.Qd5 Be6 24.Qxc5 Bxc5 25.b7 Ra7 26.Rb5 Bd6 27.Nc4 Bxc4 28.dxc4
Rbxb7 29.Rxb7 Rxb7 30.Rxa5 Rb1+ 31.Bf1 Bb4 32.Rd5 f6 33.Kg2 Be1 34.Be2 Rb2
35.Kf1 Rb1 36.Bg4 Bb4+ 37.Kg2 Kf7 38.c5 Rc1 39.Rd7+ Kf8 40.Rd8+ Ke7 41.
Rd7+ Kf8 42.Rd8+ Kf7 43.Rd7+ Kf8 1/2-1/2

[Event "45th World U20 ch"]
[Site "Yerevan ARM"]
[Date "2006.10.13"]
[Round "10.15"]
[White "Zarkua, Davit"]
[Black "Deepan Chakravarthy, Jeyakumar"]
[Result "0-1"]
[WhiteElo "2411"]
[BlackElo "2501"]
[EventDate "2006.10.02"]
[PlyCount "82"]

1.Nf3 c5 2.c4 Nc6 3.Nc3 e5 4.g3 g6 5.Bg2 Bg7 6.O-O Nge7 7.Ne1 O-O 8.Nc2 d6
9.Ne3 Rb8 10.a3 a6 11.b4 cxb4 12.axb4 b5 13.cxb5 axb5 14.Ned5 Nxd5 15.Nxd5
Be6 16.Bb2 Bxd5 17.Bxd5 Nxb4 18.Bg2 Qb6 19.Bc3 Nc6 20.Qb3 b4 21.Rfb1 Qc5 
22.Bxc6 Qxc6 23.Bxb4 Qe4 24.Qa3 Rb6 25.d3 Qb7 26.Rb3 Rb8 27.Rab1 d5 28.Qa5
Rb5 29.Qa1 Bf8 30.Bxf8 Rxb3 31.Rxb3 Qxb3 32.Bd6 Qb1+ 33.Qxb1 Rxb1+ 34.Kg2 
f6 35.f4 Kf7 36.fxe5 Ke6 37.d4 Rd1 38.e3 Rd2+ 39.Kf3 Rxh2 40.g4 Rh3+ 41.
Kf2 f5 0-1

[Event "45th World U20 ch"]
[Site "Yerevan ARM"]
[Date "2006.10.13"]
[Round "10.16"]
[White "Geller, Jakov"]
[Black "Grigoryan, Avetik"]
[Result "1/2-1/2"]
[WhiteElo "2501"]
[BlackElo "2404"]
[EventDate "2006.10.02"]
[PlyCount "73"]

1.e4 e6 2.d4 d5 3.Nc3 Nf6 4.e5 Nfd7 5.f4 c5 6.Nf3 Qb6 7.Be3 a6 8.a3 Nc6 9.
dxc5 Bxc5 10.Na4 Qa5+ 11.b4 Qxa4 12.bxc5 O-O 13.c4 Qa5+ 14.Qd2 Rd8 15.Qxa5
Nxa5 16.cxd5 exd5 17.Rb1 Nf8 18.Bd3 g6 19.Kf2 Ne6 20.Rhc1 Bd7 21.Nd4 Rac8 
22.c6 Nxc6 23.Nxe6 Bxe6 24.Rxb7 Na5 25.Rxc8 Rxc8 26.Ra7 Nb3 27.f5 gxf5 28.
Bh6 a5 29.Ke3 Nc5 30.g3 Rd8 31.Ke2 Nb3 32.h4 Nd4+ 33.Kd2 Nf3+ 34.Ke2 Nd4+ 
35.Kd2 Nf3+ 36.Ke2 Nd4+ 37.Kd2 1/2-1/2

[Event "45th World U20 ch"]
[Site "Yerevan ARM"]
[Date "2006.10.13"]
[Round "10.17"]
[White "Gupta, Abhijeet"]
[Black "Magalashvili, Davit"]
[Result "1/2-1/2"]
[WhiteElo "2481"]
[BlackElo "2459"]
[EventDate "2006.10.02"]
[PlyCount "82"]

1.d4 d5 2.c4 e6 3.Nc3 Be7 4.Nf3 Nf6 5.Bg5 Nbd7 6.e3 O-O 7.Qc2 c5 8.cxd5 
cxd4 9.Nxd4 Nxd5 10.Bxe7 Nxe7 11.Be2 Nf6 12.O-O Bd7 13.Rfd1 Qb6 14.Na4 
Bxa4 15.Qxa4 Rfd8 16.Qb5 Qxb5 17.Nxb5 Ned5 18.Rac1 a6 19.Nc7 Rac8 20.Nxd5 
Nxd5 21.Bf3 Kf8 22.Kf1 Ke7 23.Ke2 Rxc1 24.Rxc1 Rd7 25.Rd1 b6 26.Bxd5 Rxd5 
27.Rxd5 exd5 28.Kd3 Kd6 29.Kd4 a5 30.g4 f6 31.h4 Ke6 32.e4 dxe4 33.Kxe4 g6
34.a3 a4 35.Kd4 h5 36.gxh5 gxh5 37.Ke4 f5+ 38.Kd4 Kd6 39.f3 Ke6 40.f4 Kd6 
41.Kc4 Kc6 1/2-1/2

[Event "45th World U20 ch"]
[Site "Yerevan ARM"]
[Date "2006.10.13"]
[Round "10.20"]
[White "Filippov, Anton"]
[Black "Alavi Moghaddam, Sayed Javad"]
[Result "0-1"]
[WhiteElo "2501"]
[BlackElo "2368"]
[EventDate "2006.10.02"]
[PlyCount "96"]

1.a3 Nf6 2.b4 d5 3.Bb2 Bf5 4.Nf3 e6 5.e3 Bd6 6.c4 c6 7.Be2 Nbd7 8.Nh4 Bxb1
9.Rxb1 O-O 10.O-O a5 11.g3 axb4 12.axb4 dxc4 13.Bxc4 b5 14.Bd3 Qe7 15.Qc2 
Rfc8 16.Bc3 g6 17.e4 e5 18.Rfe1 Nb6 19.f4 Nfd7 20.f5 c5 21.fxg6 hxg6 22.
Qd1 cxb4 23.Ba1 Nc4 24.Bc2 Na3 25.Bb3 Nxb1 26.Qg4 Rc4 27.Rxb1 Nf6 28.Qf3 
Kg7 29.d3 Rc7 30.Bb2 Rac8 31.Kh1 Rc3 32.Bxc3 bxc3 33.Rf1 Ba3 34.Nf5+ gxf5 
35.Qxf5 Rc6 36.Qg5+ Kf8 37.Rf5 c2 38.Bxc2 Rxc2 39.Rxf6 Rc1+ 40.Kg2 Rc2+ 
41.Kh1 Qb4 42.Rf1 Qd6 43.Qh5 Qe6 44.Qh4 Ke8 45.Qh8+ Ke7 46.Qb8 Bd6 47.Qb7+
Kf8 48.Rf5 Qa2 0-1

[Event "45th World U20 ch"]
[Site "Yerevan ARM"]
[Date "2006.10.13"]
[Round "10.21"]
[White "Matsenko, Sergei"]
[Black "Romanov, Evgeny"]
[Result "0-1"]
[WhiteElo "2363"]
[BlackElo "2500"]
[EventDate "2006.10.02"]
[PlyCount "54"]

1.e4 e5 2.Nf3 Nc6 3.Nc3 Nf6 4.d4 exd4 5.Nxd4 Bb4 6.Nxc6 bxc6 7.Bd3 d5 8.
exd5 cxd5 9.O-O O-O 10.Bg5 c6 11.Qf3 Bd6 12.Rfe1 Rb8 13.Rab1 h6 14.Bxf6 
Qxf6 15.Qxf6 gxf6 16.Na4 c5 17.b3 Be6 18.Be2 Rfd8 19.Red1 Rbc8 20.g3 c4 
21.bxc4 dxc4 22.c3 Ba3 23.Nb2 Re8 24.Bf1 Rc7 25.Na4 Bf5 26.Re1 Rxe1 27.
Rxe1 Bd7 0-1

[Event "45th World U20 ch"]
[Site "Yerevan ARM"]
[Date "2006.10.13"]
[Round "10.25"]
[White "Margvelashvili, Giorgi"]
[Black "Sangma, Rahul"]
[Result "1-0"]
[WhiteElo "2456"]
[BlackElo "2301"]
[EventDate "2006.10.02"]
[PlyCount "89"]

1.Nf3 Nf6 2.c4 e6 3.d4 b6 4.Bg5 Bb7 5.Nc3 h6 6.Bh4 Be7 7.e3 O-O 8.Bd3 d5 
9.O-O Nbd7 10.Bg3 c5 11.cxd5 cxd4 12.d6 Bxf3 13.gxf3 Bxd6 14.Bxd6 dxc3 15.
Bxf8 cxb2 16.Rb1 Kxf8 17.Bb5 Ne5 18.f4 Ned7 19.Bxd7 Qxd7 20.Qxd7 Nxd7 21.
Rxb2 Nc5 22.Rd1 Ke7 23.Kg2 Rc8 24.Rc2 h5 25.Kf3 Rc6 26.e4 Rc7 27.Ke3 Rc8 
28.f3 Rc6 29.e5 Rc8 30.Rd6 Rc7 31.Rc3 Na6 32.Rdd3 g6 33.Kf2 Nc5 34.Kg3 Na6
35.Kh4 Nc5 36.Kg5 Rb7 37.Rd4 Rc7 38.Kh6 Rc8 39.Kg7 Rc6 40.Rcc4 b5 41.Rc2 
Rc7 42.a4 Na6 43.Rxc7+ Nxc7 44.axb5 Nxb5 45.Ra4 1-0

[Event "45th World U20 ch"]
[Site "Yerevan ARM"]
[Date "2006.10.13"]
[Round "10.26"]
[White "Brandenburg, Daan"]
[Black "Hambardzumian, Yuri"]
[Result "1-0"]
[WhiteElo "2421"]
[BlackElo "2305"]
[EventDate "2006.10.02"]
[PlyCount "117"]

1.e4 c5 2.c3 d5 3.exd5 Qxd5 4.d4 Nf6 5.Nf3 Bg4 6.dxc5 Qxd1+ 7.Kxd1 e5 8.b4
e4 9.h3 Bh5 10.g4 Nxg4 11.hxg4 Bxg4 12.Nd2 exf3 13.Bd3 Nd7 14.Re1+ Be7 15.
Nc4 Be6 16.Na5 b6 17.Be4 Rc8 18.Nc6 Nf6 19.Bxf3 bxc5 20.b5 Rc7 21.Kc2 Bd6 
22.Rd1 Rd7 23.a4 c4 24.Be3 O-O 25.Bxa7 Re8 26.Be3 Ng4 27.Bd4 Bf5+ 28.Kb2 
Nh2 29.Re1 Rxe1 30.Rxe1 Nxf3 31.Re8+ Bf8 32.Bc5 h5 33.Rxf8+ Kh7 34.Rd8 h4 
35.Rxd7 Bxd7 36.Bd6 Nd2 37.Ne7 Ne4 38.Bh2 g5 39.b6 Nc5 40.Ka3 Na6 41.b7 f5
42.Nxf5 Bxf5 43.b8=Q Nxb8 44.Bxb8 Kg6 45.Kb4 Bd3 46.a5 Kf5 47.a6 Ke6 48.a7
Be4 49.Kxc4 g4 50.Kc5 g3 51.Bxg3 hxg3 52.fxg3 Kd7 53.Kb6 Bf3 54.c4 Kc8 55.
c5 Kd7 56.g4 Be4 57.g5 Bd5 58.g6 Ke7 59.c6 1-0

[Event "45th World U20 ch"]
[Site "Yerevan ARM"]
[Date "2006.10.13"]
[Round "10.28"]
[White "Gorovets, Andrei"]
[Black "Vaznonis, Vytautas"]
[Result "1-0"]
[WhiteElo "2368"]
[BlackElo "2291"]
[EventDate "2006.10.02"]
[PlyCount "83"]

1.c4 Nf6 2.Nc3 e5 3.Nf3 Nc6 4.e4 Bc5 5.Nxe5 Nxe5 6.d4 Bb4 7.dxe5 Nxe4 8.
Qd3 Nc5 9.Qg3 O-O 10.Bh6 Ne6 11.Be3 f6 12.Bd3 fxe5 13.Qxe5 d6 14.Qe4 g6 
15.O-O Bxc3 16.bxc3 Nc5 17.Bxc5 dxc5 18.Rad1 Qd6 19.Qe3 Kg7 20.Rfe1 Rf7 
21.h4 Qf4 22.Qxc5 Qxh4 23.Re8 Bg4 24.Qd4+ Qf6 25.Rxa8 Bxd1 26.Rxa7 c6 27.
c5 h5 28.Bc4 Re7 29.Qxd1 Qxc3 30.Be2 Qxc5 31.Ra8 Rf7 32.Qa1+ Rf6 33.Bf3 
Kf7 34.Rb8 Qb4 35.a3 Qe7 36.Qb1 b5 37.Qb3+ Kg7 38.Qc3 Kf7 39.Rc8 Re6 40.g3
h4 41.Rxc6 Re1+ 42.Kg2 1-0

[Event "45th World U20 ch"]
[Site "Yerevan ARM"]
[Date "2006.10.13"]
[Round "10.29"]
[White "Behmardi, Kalantari Rustam"]
[Black "Hungaski, Robert"]
[Result "1/2-1/2"]
[WhiteElo "2210"]
[BlackElo "2366"]
[EventDate "2006.10.02"]
[PlyCount "155"]

1.e4 e5 2.Nf3 Nc6 3.d4 exd4 4.Nxd4 Bc5 5.Nxc6 Qf6 6.Qf3 bxc6 7.Nd2 d6 8.
Nb3 Bb6 9.c4 Bd4 10.Nxd4 Qxd4 11.Bd3 Nf6 12.O-O Ng4 13.Be2 Be6 14.Rd1 Qc5 
15.b3 O-O 16.h3 Ne5 17.Qc3 Ng6 18.Be3 Qe5 19.Qxe5 dxe5 20.Kh2 a5 21.g3 
Rfe8 22.Bf1 a4 23.Bg2 f6 24.f4 Bf7 25.f5 Nf8 26.Bf1 Reb8 27.Rab1 Be8 28.
bxa4 Rxb1 29.Rxb1 Rxa4 30.Rb8 Kf7 31.Rb7 Rxa2+ 32.Kg1 Nd7 33.Rxc7 Ra6 34.
Kf2 Ke7 35.c5 Ra4 36.Rxc6 Kd8 37.Rd6 Kc7 38.Re6 Ra2+ 39.Kf3 Bf7 40.Re7 Bb3
41.Be2 g6 42.g4 gxf5 43.gxf5 Kc6 44.Rxh7 Nxc5 45.Bxc5 Kxc5 46.Rd7 Bc2 47.
Rd5+ Kc6 48.Bb5+ Kb6 49.Bd3 Bd1+ 50.Ke3 Kc7 51.Bc4 Ra1 52.Rd2 Bh5 53.Kf2 
Ra4 54.Bd5 Ra3 55.Rc2+ Kd7 56.Rc6 Bf7 57.Kg2 Bxd5 58.exd5 Rd3 59.Rxf6 Rxd5
60.Kg3 Ke7 61.Re6+ Kf7 62.Kg4 Rd4+ 63.Kg5 Rd3 64.Kg4 Rd4+ 65.Kh5 Rf4 66.
Kg5 Rf3 67.Rf6+ Kg7 68.Rg6+ Kf7 69.Rh6 Rg3+ 70.Kh4 Rg1 71.Kh5 Rg3 72.h4 e4
73.Re6 e3 74.Kh6 Rg4 75.Kh5 Rg3 76.Kh6 Rg4 77.Kh5 Rg3 78.Kh6 1/2-1/2

[Event "45th World U20 ch"]
[Site "Yerevan ARM"]
[Date "2006.10.13"]
[Round "10.30"]
[White "Jessel, Stephen"]
[Black "Wang Li"]
[Result "1-0"]
[WhiteElo "2357"]
[BlackElo "2226"]
[EventDate "2006.10.02"]
[PlyCount "131"]

1.e4 e5 2.Nf3 Nc6 3.Bc4 Nf6 4.d3 Bc5 5.c3 d6 6.Bb3 a6 7.Nbd2 Ba7 8.h3 O-O 
9.Nf1 Ne7 10.Ng3 Ng6 11.O-O c6 12.Re1 h6 13.d4 Qc7 14.Be3 Re8 15.Qd2 Be6 
16.Bc2 Kh7 17.Rad1 Rad8 18.Qc1 b5 19.Bb1 Ng8 20.Nh2 f6 21.Ng4 c5 22.d5 
Bxg4 23.hxg4 c4 24.Bd2 Qf7 25.Nf5 N6e7 26.Ne3 h5 27.g3 Bxe3 28.Bxe3 hxg4 
29.Kg2 Nh6 30.Rh1 Ng8 31.Rh2 g5 32.Rdh1 Re7 33.Rh5 Qf8 34.R1h2 Rg7 35.Bc2 
Qe7 36.Bd1 Qd7 37.Be2 Rg6 38.a4 Kg7 39.Qa1 Ne7 40.axb5 axb5 41.Rh1 Nf7 42.
Rh7+ Kf8 43.Qd1 f5 44.exf5 Qxf5 45.Bxg4 Qd3 46.Qxd3 cxd3 47.Be6 Rg7 48.Kf3
Ra8 49.Ke4 Ra2 50.b4 d2 51.Rxg7 Kxg7 52.Rd1 Kf6 53.Rxd2 Ra3 54.Rd3 Nh6 55.
Bd2 Ra7 56.Rf3+ Kg6 57.Rf8 Rc7 58.Rd8 Rc4+ 59.Kd3 e4+ 60.Kc2 Kf6 61.Rxd6 
Ke5 62.Rb6 Nhf5 63.Bxg5 Nxd5 64.Bxd5 Kxd5 65.Rxb5+ Ke6 66.Rc5 1-0

[Event "45th World U20 ch"]
[Site "Yerevan ARM"]
[Date "2006.10.14"]
[Round "11.2"]
[White "Andriasian, Zaven"]
[Black "Kryvoruchko, Yuriy"]
[Result "1-0"]
[WhiteElo "2463"]
[BlackElo "2581"]
[EventDate "2006.10.02"]
[PlyCount "113"]

1.e4 e5 2.Nf3 Nc6 3.Bb5 Nf6 4.O-O Nxe4 5.d4 Nd6 6.Bxc6 dxc6 7.dxe5 Nf5 8.
Qxd8+ Kxd8 9.Nc3 Ne7 10.h3 Ng6 11.b3 Be7 12.Bb2 Nf4 13.Rad1+ Ke8 14.Rfe1 
Ne6 15.Ne4 a5 16.a4 h5 17.Ng3 b6 18.Nf5 c5 19.Ne3 Bb7 20.Nd5 Bxd5 21.Rxd5 
Rh6 22.Bc1 Rg6 23.Re4 Rd8 24.Rxd8+ Bxd8 25.Kf1 Bg5 26.Nxg5 Nxg5 27.Rh4 Ne6
28.Be3 Kd7 29.Rxh5 Nd4 30.Bxd4 cxd4 31.Rh4 c5 32.g4 c4 33.g5 cxb3 34.Rxd4+
Kc6 35.cxb3 Rxg5 36.Rf4 Rxe5 37.Rxf7 Rg5 38.Rf4 b5 39.Rg4 Rh5 40.Kg2 bxa4 
41.bxa4 g5 42.Kg3 Kd5 43.h4 gxh4+ 44.Rxh4 Rg5+ 45.Kf4 Re5 46.f3 Kd4 47.Kg4
Re8 48.Rh5 Kc4 49.Rxa5 Kb4 50.Ra6 Rg8+ 51.Kf5 Rf8+ 52.Rf6 Re8 53.f4 Kxa4 
54.Kg6 Kb5 55.Rd6 Kc5 56.Rd1 Rg8+ 57.Kf7 1-0

[Event "45th World U20 ch"]
[Site "Yerevan ARM"]
[Date "2006.10.14"]
[Round "11.6"]
[White "Babuian, Levon"]
[Black "Pantsulaia, Levan"]
[Result "0-1"]
[WhiteElo "2394"]
[BlackElo "2596"]
[EventDate "2006.10.02"]
[PlyCount "118"]

1.e4 c5 2.Nf3 e6 3.d4 cxd4 4.Nxd4 a6 5.c4 Nf6 6.Nc3 Qc7 7.Be2 b6 8.O-O Bb7
9.f3 Be7 10.Be3 O-O 11.Qd2 d6 12.Rfd1 Nbd7 13.Rac1 Rac8 14.Bf1 Qb8 15.Qf2 
Ba8 16.Kh1 Rfe8 17.b4 Ne5 18.Na4 Nxc4 19.Bxc4 b5 20.Nb6 Qxb6 21.Nxb5 Qb8 
22.Na7 Rc7 23.Bb6 Bd8 24.Bxc7 Bxc7 25.Bxa6 Bb6 26.Qg3 Qxa7 27.Bb5 Rf8 28.
Qxd6 Bxe4 29.a4 Bd5 30.a5 Bd8 31.Qf4 Be7 32.Bf1 Ba8 33.Qd4 Qxd4 34.Rxd4 
Nd5 35.b5 Bb4 36.a6 Ba5 37.Bd3 Bb6 38.Rdc4 f5 39.Rc8 Ne7 40.Rxf8+ Kxf8 41.
Bc4 Kf7 42.Re1 Nd5 43.Bxd5 exd5 44.Rc1 d4 45.Rc8 d3 46.Rc3 Be4 47.Rc1 Bd5 
48.a7 Bxa7 49.Rc7+ Ke6 50.Rxa7 d2 51.Ra1 Bb3 52.b6 Kd6 53.h4 d1=Q+ 54.
Rxd1+ Bxd1 55.Kh2 h6 56.h5 Ba4 57.b7 Kc7 58.Kg3 Kxb7 59.Kf4 Bd7 0-1

[Event "45th World U20 ch"]
[Site "Yerevan ARM"]
[Date "2006.10.14"]
[Round "11.11"]
[White "Deepan Chakravarthy, Jeyakumar"]
[Black "Gomez, John Paul"]
[Result "0-1"]
[WhiteElo "2501"]
[BlackElo "2387"]
[EventDate "2006.10.02"]
[PlyCount "66"]

1.e4 c5 2.Nf3 d6 3.d4 cxd4 4.Nxd4 Nf6 5.Nc3 g6 6.Be3 Bg7 7.f3 Nc6 8.Qd2 
O-O 9.Bc4 Bd7 10.O-O-O Ne5 11.Bb3 Rc8 12.h4 h5 13.Bg5 Rc5 14.f4 Neg4 15.e5
dxe5 16.fxe5 Rxe5 17.Nf3 Rc5 18.Rhe1 Qe8 19.Ne4 Rc7 20.Nd6 Qd8 21.Bxf6 
Bxf6 22.Nxf7 Rxf7 23.Ng5 Bxg5 24.hxg5 Qf8 25.Qf4 e5 26.Rxe5 Ba4 27.Qxa4 
Nxe5 28.Qe4 Re7 29.Bxf7+ Qxf7 30.Rd6 Kh7 31.Rf6 Qxa2 32.Qb4 Qa1+ 33.Kd2 
Nf3+ 0-1

[Event "45th World U20 ch"]
[Site "Yerevan ARM"]
[Date "2006.10.14"]
[Round "11.12"]
[White "Nechepurenko, Roman"]
[Black "Esen, Baris"]
[Result "0-1"]
[WhiteElo "2479"]
[BlackElo "2464"]
[EventDate "2006.10.02"]
[PlyCount "156"]

1.d4 d5 2.Nf3 Nf6 3.Bf4 Bf5 4.c3 c6 5.Qb3 Qb6 6.e3 Nbd7 7.h3 e6 8.Nbd2 h6 
9.Be2 a5 10.O-O Be7 11.c4 Qa7 12.a4 O-O 13.cxd5 exd5 14.Bd3 Bxd3 15.Qxd3 
Rfe8 16.Bh2 Bb4 17.Nh4 Qa6 18.Qxa6 Rxa6 19.Rfd1 g6 20.Nhf3 Re6 21.Ne1 Ne8 
22.Nd3 Bd6 23.Nf4 Re7 24.g4 Nf8 25.b3 Ne6 26.Nd3 Bxh2+ 27.Kxh2 Nd6 28.f3 
Ra8 29.Kg3 Kg7 30.Nf1 h5 31.Ra2 Rh8 32.Nf2 hxg4 33.hxg4 Ng5 34.Rc1 f5 35.
Rc5 fxg4 36.Kxg4 Ngf7 37.f4 Nf5 38.Kf3 g5 39.Nd3 Nxe3 40.Re2 Rh3+ 41.Kf2 
Ng4+ 42.Ke1 Rxe2+ 43.Kxe2 gxf4 44.Nxf4 Rxb3 45.Rxa5 Nd6 46.Ng3 Nf6 47.Nd3 
Nfe4 48.Nxe4 dxe4 49.Nf4 Rb2+ 50.Ke1 Kf6 51.Re5 Rb4 52.Nh5+ Kf7 53.d5 Rxa4
54.dxc6 bxc6 55.Kf2 Ra2+ 56.Kg3 Rc2 57.Nf4 Kf6 58.Ra5 Nf5+ 59.Kg4 Ne3+ 60.
Kg3 c5 61.Ra8 Nf5+ 62.Kg4 Nh6+ 63.Kg3 Rc3+ 64.Kg2 Ke5 65.Ne2 Rc2 66.Kf1 
Nf5 67.Ke1 Nd4 68.Re8+ Kf5 69.Rf8+ Kg5 70.Rg8+ Kf6 71.Rf8+ Ke7 72.Nxd4 
Rc1+ 73.Kd2 Kxf8 74.Nf5 Ra1 75.Nd6 Ke7 76.Nxe4 Ra5 77.Kd3 Kd7 78.Kc4 Kc6 
0-1

[Event "45th World U20 ch"]
[Site "Yerevan ARM"]
[Date "2006.10.14"]
[Round "11.13"]
[White "Alavi Moghaddam, Sayed Javad"]
[Black "Amin, Bassem"]
[Result "1-0"]
[WhiteElo "2368"]
[BlackElo "2504"]
[EventDate "2006.10.02"]
[PlyCount "58"]

1.e4 e5 2.Bc4 Nf6 3.d3 Nc6 4.Nf3 Bc5 5.O-O a6 6.c3 Ba7 7.Re1 O-O 8.h3 d6 
9.Bb3 Kh8 10.Nbd2 Nh5 11.Nf1 Qf6 12.Be3 Nf4 13.Ng3 Ne7 14.d4 Neg6 15.Nh5 
Qd8 16.Bxf4 Nxf4 17.Nxf4 exf4 18.Qd2 Qf6 19.e5 dxe5 20.Rxe5 c6 21.Rae1 a5 
22.a3 Bf5 23.Rxa5 c5 24.dxc5 Rad8 25.Qxf4 Bb8 26.Qg5 Bd7 27.Qxf6 gxf6 28.
Nd4 Rfe8 29.Rxe8+ Rxe8 1-0

[Event "45th World U20 ch"]
[Site "Yerevan ARM"]
[Date "2006.10.14"]
[Round "11.14"]
[White "Howell, David"]
[Black "Geller, Jakov"]
[Result "1-0"]
[WhiteElo "2471"]
[BlackElo "2501"]
[EventDate "2006.10.02"]
[PlyCount "141"]

1.d4 d5 2.c4 c6 3.Nc3 Nf6 4.Nf3 e6 5.cxd5 exd5 6.Bg5 Be7 7.Qc2 g6 8.Nd2 
Bf5 9.Qb3 Qb6 10.Qxb6 axb6 11.f3 h6 12.Bf4 b5 13.e4 Be6 14.e5 Nh5 15.Be3 
b4 16.Ne2 Ng7 17.Nf4 Nd7 18.Nxe6 Nxe6 19.f4 c5 20.Nf3 c4 21.g4 Nb6 22.f5 
Ng5 23.Bg2 b3 24.a3 Ne4 25.f6 c3 26.fxe7 Nc4 27.Ke2 cxb2 28.Rae1 Nc3+ 29.
Kd3 b1=Q+ 30.Rxb1 Nxb1 31.Rxb1 Rxa3 32.Bd2 b2+ 33.Kc2 Ra4 34.Rxb2 Nxb2 35.
Kxb2 Kxe7 36.Kb3 Rha8 37.Bb4+ Rxb4+ 38.Kxb4 Ra2 39.Bh1 Ke6 40.Kc5 Rc2+ 41.
Kb4 g5 42.Kb3 Rf2 43.Kb4 b6 44.Kc3 Kd7 45.Kb3 Kc6 46.Kb4 Rc2 47.Kb3 Re2 
48.Kb4 b5 49.Kb3 Re3+ 50.Kb4 Re2 51.Kb3 Kb6 52.Kc3 Rf2 53.Kb4 Rf1 54.Bg2 
Rf2 55.Bh1 Rc2 56.Kb3 Rc4 57.Bg2 b4 58.Kb2 Rc3 59.Ne1 Kc6 60.Nc2 Kb5 61.
Bxd5 Rh3 62.Bxf7 Rxh2 63.e6 Re2 64.Kb3 Kc6 65.Nxb4+ Kd6 66.Kc4 Re4 67.Nd5 
h5 68.e7 h4 69.e8=Q Rxe8 70.Bxe8 h3 71.Nb4 1-0

[Event "45th World U20 ch"]
[Site "Yerevan ARM"]
[Date "2006.10.14"]
[Round "11.15"]
[White "Romanov, Evgeny"]
[Black "Warakomski, Tomasz"]
[Result "1/2-1/2"]
[WhiteElo "2500"]
[BlackElo "2446"]
[EventDate "2006.10.02"]
[PlyCount "136"]

1.e4 c5 2.b3 e6 3.Bb2 Nc6 4.Nf3 d5 5.Bb5 Ne7 6.exd5 exd5 7.O-O a6 8.Bxc6+ 
Nxc6 9.Re1+ Be6 10.d4 Be7 11.dxc5 O-O 12.b4 Bf6 13.Bxf6 Qxf6 14.c3 Nxb4 
15.Nd4 Nc6 16.Nxc6 bxc6 17.Qd4 Rfb8 18.Qe3 d4 19.cxd4 Rb4 20.d5 Qxa1 21.
Nc3 Qxe1+ 22.Qxe1 cxd5 23.Nxd5 Rd4 24.Ne3 Rc8 25.Qa5 Rc6 26.h3 h6 27.Nc2 
Rd5 28.Nb4 Rcxc5 29.Qxa6 Ra5 30.Qe2 Rd8 31.Kh2 Ra4 32.Qb5 Raa8 33.Nc6 Bd7 
34.a4 Bxc6 35.Qxc6 Ra5 36.f4 Rda8 37.f5 Rxa4 38.Qf3 Rd8 39.f6 g5 40.Qe3 
Rad4 41.Qe7 Rf8 42.Qe5 Ra4 43.Kg1 Rc8 44.Kh2 Rf4 45.Qe7 Rfc4 46.Qe5 R4c5 
47.Qe7 Rc4 48.Qe5 Rf4 49.Qe7 Ra8 50.Kg1 Rb8 51.Kh2 Rf5 52.Kg1 g4 53.hxg4 
Rg5 54.Qe4 Rg6 55.Qe5 Rf8 56.Kh2 Rxg4 57.Kh3 Rg5 58.Qe3 Kh8 59.g3 Rfg8 60.
Kh2 Rc8 61.Kh3 Kg8 62.g4 Rg6 63.Qe5 Ra8 64.Kh4 Rg5 65.Qe3 Rc8 66.Qe7 Rgc5 
67.Qe3 Rc1 68.Qe4 R1c5 1/2-1/2

[Event "45th World U20 ch"]
[Site "Yerevan ARM"]
[Date "2006.10.14"]
[Round "11.20"]
[White "Li Chao"]
[Black "Gorovets, Andrei"]
[Result "1-0"]
[WhiteElo "2508"]
[BlackElo "2368"]
[EventDate "2006.10.02"]
[PlyCount "79"]

1.e4 Nf6 2.e5 Nd5 3.d4 d6 4.c4 Nb6 5.exd6 exd6 6.Nc3 Be7 7.Bd3 Nc6 8.Nge2 
Bf6 9.Be3 O-O 10.O-O Nb4 11.Ng3 Nxd3 12.Qxd3 d5 13.c5 Nc4 14.Bc1 g6 15.b3 
Na5 16.Bf4 b6 17.Rac1 c6 18.Nce2 h5 19.Rfe1 h4 20.Nf1 Bf5 21.Qd2 h3 22.Ne3
Be6 23.Bh6 Re8 24.Nf4 hxg2 25.Nxe6 Rxe6 26.Ng4 Qd7 27.Qf4 Bh8 28.Bg5 Rae8 
29.Rxe6 Qxe6 30.Nf6+ Bxf6 31.Bxf6 Qh3 32.Be5 Re6 33.Bf6 Re8 34.Qc7 Qh6 35.
Rc3 Qd2 36.Rf3 Qe2 37.Kxg2 Qe4 38.h3 bxc5 39.dxc5 Rf8 40.Qxa5 1-0

[Event "45th World U20 ch"]
[Site "Yerevan ARM"]
[Date "2006.10.14"]
[Round "11.22"]
[White "Toufighi, Homayoon"]
[Black "Margvelashvili, Giorgi"]
[Result "1-0"]
[WhiteElo "2386"]
[BlackElo "2456"]
[EventDate "2006.10.02"]
[PlyCount "63"]

1.e4 c6 2.Nf3 d5 3.Nc3 a6 4.d4 Bg4 5.Be2 e6 6.O-O Nf6 7.e5 Nfd7 8.Ng5 Bxe2
9.Nxe2 Be7 10.f4 c5 11.c3 Nc6 12.Kh1 cxd4 13.cxd4 Rc8 14.Ng3 Bxg5 15.fxg5 
g6 16.Be3 Qb6 17.Qg4 Ne7 18.Qh4 Rc2 19.b3 Qa5 20.Qh6 Rxa2 21.Rac1 Rb2 22.
Qg7 Rf8 23.Qxh7 Rxb3 24.Bf4 Rb2 25.Nh5 Nf5 26.Nf6+ Nxf6 27.exf6 Qb4 28.
Rc8+ Kd7 29.Rc7+ Ke8 30.Qh3 Rf2 31.Qd3 Qb3 32.Rfc1 1-0

[Event "45th World U20 ch"]
[Site "Yerevan ARM"]
[Date "2006.10.14"]
[Round "11.24"]
[White "Movsisian, Vardan"]
[Black "Sengupta, Deep"]
[Result "0-1"]
[WhiteElo "2293"]
[BlackElo "2420"]
[EventDate "2006.10.02"]
[PlyCount "116"]

1.e4 c5 2.Nf3 Nc6 3.d4 cxd4 4.Nxd4 Nf6 5.Nc3 e5 6.Ndb5 d6 7.a4 a6 8.Na3 
Bg4 9.Be2 Bxe2 10.Qxe2 d5 11.exd5 Nxd5 12.Nxd5 Qxd5 13.O-O Be7 14.Qg4 h5 
15.Qh3 g5 16.Qf5 Nd4 17.Qd3 h4 18.c3 h3 19.f3 hxg2 20.Kxg2 Qb3 21.Qc4 Qxc4
22.Nxc4 Nb3 23.Rb1 Rd8 24.Be3 Rh4 25.Nxe5 Nd2 26.Bxd2 Rxd2+ 27.Rf2 Rxh2+ 
28.Kxh2 Rxf2+ 29.Kg3 Re2 30.Nc4 b5 31.axb5 axb5 32.Na3 Bd6+ 33.Kg4 Bf4 34.
Kf5 Ke7 35.Rd1 Re5+ 36.Kg4 Re2 37.Kf5 Rxb2 38.Rd5 Rf2 39.Nxb5 Rxf3 40.c4 
Bc1+ 41.Kg4 Rf2 42.Nd4 Bf4 43.c5 Kf6 44.c6 Rg2+ 45.Kh5 Rh2+ 46.Kg4 Rg2+ 
47.Kh5 Rh2+ 48.Kg4 Rh4+ 49.Kf3 Rh3+ 50.Kg4 Rg3+ 51.Kh5 Rh3+ 52.Kg4 Rh4+ 
53.Kf3 Be5 54.Nc2 g4+ 55.Ke3 g3 56.Ne1 Rc4 57.Nd3 g2 58.Kf2 Rg4 0-1

[Event "45th World U20 ch"]
[Site "Yerevan ARM"]
[Date "2006.10.14"]
[Round "11.25"]
[White "Kjartansson, Gudmundur"]
[Black "Zarkua, Davit"]
[Result "1/2-1/2"]
[WhiteElo "2246"]
[BlackElo "2411"]
[EventDate "2006.10.02"]
[PlyCount "141"]

1.e4 c6 2.d4 d5 3.Nc3 dxe4 4.Nxe4 Bf5 5.Ng3 Bg6 6.h4 h6 7.Nf3 Nd7 8.h5 Bh7
9.Bd3 Bxd3 10.Qxd3 e6 11.Bf4 Qa5+ 12.Bd2 Qc7 13.O-O-O O-O-O 14.Ne4 Ngf6 
15.g3 Nxe4 16.Qxe4 Nf6 17.Qe2 Bd6 18.c4 c5 19.Bc3 cxd4 20.Nxd4 a6 21.Kb1 
Rd7 22.Nb3 Qc6 23.Rhe1 Rhd8 24.f4 Bc7 25.Rd4 Rxd4 26.Bxd4 a5 27.Be5 Qb6 
28.c5 Qa6 29.Qxa6 bxa6 30.Bxc7 Kxc7 31.Nxa5 Rd5 32.b4 Rxh5 33.g4 Nxg4 34.
Rg1 Ne3 35.Rxg7 Rf5 36.a3 h5 37.Rg8 h4 38.Ra8 Nd5 39.Rxa6 h3 40.Ra7+ Kb8 
41.Nc6+ Kc8 42.b5 Nc3+ 43.Kb2 Nxb5 44.Ne7+ Kd8 45.Nxf5 Nxa7 46.Ng3 Kc7 47.
Kc3 Kc6 48.Kd3 Kxc5 49.Ke4 Nb5 50.a4 Nd6+ 51.Kf3 Kb4 52.Kg4 h2 53.Kh3 Kxa4
54.Kxh2 Kb4 55.Kg2 Kc5 56.Kf3 Kd5 57.Nh5 Ne4 58.Ke3 f5 59.Kf3 Kd6 60.Ke3 
Ke7 61.Ke2 Kf7 62.Kf3 Kg6 63.Ng3 Nxg3 64.Kxg3 Kf6 65.Kf3 Ke7 66.Ke3 Kd7 
67.Kd3 Kc7 68.Kc3 Kd6 69.Kd4 Ke7 70.Ke3 Kf6 71.Kf3 1/2-1/2

[Event "45th World U20 ch"]
[Site "Yerevan ARM"]
[Date "2006.10.14"]
[Round "11.26"]
[White "Filippov, Anton"]
[Black "Behmardi, Kalantari Rustam"]
[Result "1/2-1/2"]
[WhiteElo "2501"]
[BlackElo "2210"]
[EventDate "2006.10.02"]
[PlyCount "80"]

1.e4 e6 2.d4 d5 3.Nc3 Bb4 4.e5 c5 5.a3 Ba5 6.b4 cxd4 7.Nb5 Bc7 8.f4 Bd7 9.
Nxd4 a6 10.Ngf3 Nc6 11.Bd3 Nge7 12.Nxc6 Bxc6 13.O-O Bb6+ 14.Kh1 Bb5 15.
Bxb5+ axb5 16.Bb2 h5 17.Qd3 Qd7 18.Bd4 Bc7 19.Bc5 Nf5 20.Rab1 g6 21.Rb3 
Rc8 22.Rc3 Bd8 23.Nd4 Nxd4 24.Qxd4 b6 25.Bd6 Rc4 26.Rxc4 bxc4 27.a4 Qb7 
28.a5 Kd7 29.Ra1 bxa5 30.bxa5 Bc7 31.a6 Qb6 32.Bc5 Qb5 33.Qe3 Kc6 34.Be7 
Qb2 35.Qg1 Bb6 36.Qd1 Ra8 37.Rb1 Qc3 38.Ra1 Qb2 39.Rb1 Qc3 40.Ra1 Qb2 
1/2-1/2

[Event "45th World U20 ch"]
[Site "Yerevan ARM"]
[Date "2006.10.14"]
[Round "11.27"]
[White "Shoker, Samy"]
[Black "Arngrimsson, Dagur"]
[Result "1/2-1/2"]
[WhiteElo "2398"]
[BlackElo "2305"]
[EventDate "2006.10.02"]
[PlyCount "50"]

1.g3 d5 2.Bg2 Nf6 3.d3 h6 4.Nd2 e5 5.c3 Bd6 6.Ngf3 O-O 7.O-O Re8 8.e4 c6 
9.Re1 Bg4 10.h3 Bh5 11.a4 Nbd7 12.a5 Nc5 13.Qc2 dxe4 14.dxe4 Bc7 15.Re3 b6
16.b4 Ne6 17.Rd3 Qe7 18.Nh4 Bg6 19.Nxg6 fxg6 20.Qa2 Kh7 21.axb6 Bxb6 22.
Nc4 Rad8 23.Nxe5 Rxd3 24.Nxd3 Qd6 25.Nf4 Ng5 1/2-1/2